000
00324nam a22001337a 4500
008
180802b xxu||||| |||| 00| 0 eng d
082
_a
813.52
245
_a
National Primary Care Nurse Practitioner Symposium
_c
Resort,K
260
_c
2005
300
_a
2
_f
CD
440
_x
18886491118
760
_b
30th
942
_2
ddc
_c
MX
999
_c
46703
_d
46703